Business Mathematics (Record no. 5962)

MARC details
005 - DATE AND TIME OF LATEST TRANSACTION
control field 20250628104105.0
020 ## - INTERNATIONAL STANDARD BOOK NUMBER
International Standard Book Number 978-0-321-61231-1
100 ## - MAIN ENTRY--PERSONAL NAME
Author name MILLER, C. D
245 ## - TITLE STATEMENT
Title Business Mathematics
250 ## - EDITION STATEMENT
Edition statement 11th Ed
260 ## - PUBLICATION, DISTRIBUTION, ETC.
Place of publication, distribution, etc. New York
Name of publisher, distributor, etc. PEARSON
Date of publication, distribution, etc. 2009
300 ## - PHYSICAL DESCRIPTION
Extent xxvii, 694p.: ill; Chat, Figure, Table
Other physical details Index
Dimensions 31cm
700 ## - ADDED ENTRY--PERSONAL NAME
Other authors/Editors SALZMAN, S. A., CLENDENEN, G
942 ## - ADDED ENTRY ELEMENTS (KOHA)
Source of classification or shelving scheme Dewey Decimal Classification
Koha item type Books
Holdings
Date last seen Total checkouts Full call number Barcode Cost, replacement price Price effective from Koha item type Lost status Source of classification or shelving scheme Damaged status Not for loan Withdrawn status Home library Current library Shelving location Date acquired Source of acquisition Cost, normal purchase price
06/28/2025   513 MIL MBY00080 135000.00 06/28/2025 Books   Dewey Decimal Classification       CBE MBEYA CBE MBEYA General Collection 01/28/2016 Purchase 45000.00
06/28/2025   513 MIL MBY000757 135000.00 06/28/2025 Books   Dewey Decimal Classification       CBE MBEYA CBE MBEYA General Collection 01/28/2016 Purchase 45000.00
06/28/2025   513 MIL MBY000801 135000.00 06/28/2025 Books   Dewey Decimal Classification       CBE MBEYA CBE MBEYA General Collection 12/08/2016 Purchase 45000.00